000 00937nam a22003137a 4500
003 CHAP
005 20220817042238.0
008 971013s1971 r 00010 d
010 _a38520
011 _a39492
035 _a43613
040 _cCHAP
090 _aFolleto 5412
110 _aEspaña. Ministerio de Agricultura
_937710
245 _aSilo almiar bajo plásticos
260 _aMadrid :
_bEl Ministerio,
_c1971
300 _a16 p.
_b: ilus.
490 _aHojas divulgadoras
_v; 15-71
590 _aBATCH-UPD
_b10
_c20130110
_lUCH01
_h1123
590 _aBATCH-UPD
_b10
_c20130410
_lUCH01
_h0713
590 _aBATCH-UPD
_b10
_c20130914
_lUCH01
_h1903
590 _aCONVERSION
_b10
_c20130109
_lUCH01
_h1321
650 1 4 _aPlásticos en agricultura.
_989199
650 1 4 _aSilos.
_9105965
830 0 _aHojas divulgadoras
_v; 15-71
901 _aBK
942 _cFOLL
949 _aFolleto 5412
_bBC
_cFOLL
_d-99817
_eTS1
_i43613
_mD
_si
999 _c38520
_d38520